Normal view
MARC view
- اقتصاد سياسي
Entry Topical Term
001 - CONTROL NUMBER
- control field: 33933
003 - CONTROL NUMBER IDENTIFIER
- control field: JO-AjAnu
005 - DATE AND TIME OF LATEST TRANSACTION
- control field: 20230606075704.0
008 - FIXED-LENGTH DATA ELEMENTS
- fixed length control field: 230606|| aca||aabn | a|a d
040 ## - CATALOGING SOURCE
- Original cataloging agency: JO-AjAnu
- Transcribing agency: JO-AjAnu
150 ## - HEADING--TOPICAL TERM
- Topical term or geographic name entry element: اقتصاد سياسي
670 ## - SOURCE DATA FOUND
- Source citation: Work cat.: (JO-AjAnu)17428: دويدار،محمد, author 33932, مبادىء الاقتصاد السياسي ج1 الاساسيات:تاريخ علم الاقتصاد السياسي-الاقتصاد السياسي والراسمالية الاقتصاد السياسي والاشتراكية